| 000 | 01214cab a22002655a 4500 | ||
|---|---|---|---|
| 001 | L151486 | ||
| 008 | 101108e20101030xxk 000 0 eng d | ||
| 035 | _a(Sirsi) u151486 | ||
| 041 | 0 | _aeng | |
| 100 | 1 | _aDamms, Martin | |
| 245 | 0 | 0 |
_aRoad to improvement _bprocess and procedure |
| 260 | _c2010 | ||
| 490 |
_aEstates Gazette _v(1043) 30 October 2010, 94-95(2) |
||
| 520 | _aIdentifes time limits for the exercise of compulsory purchase orders (CPO) as outlined in the Compulsory Purchase Act 1965 s4, explains how to exercise cpos and pros and cons of proceeding by notice to treat (NT) or a general vesting declaration (GVD). Refers to case law. Part 1 in series of two articles - See L151512 for Part 2. | ||
| 590 | _aKA | ||
| 650 | 2 | 4 | _aCOMPULSORY PURCHASE ACT 1965 S4 |
| 650 | 2 | 4 | _aCOMPULSORY PURCHASE ACT 1965 S5 |
| 650 | 2 | 4 | _aCOMPULSORY PURCHASE (VESTING DECLARATIONS) ACT 1981 S4 |
| 650 | 2 | 4 | _aWESTMINSTER CITY COUNCIL V QUERESHI |
| 650 | 2 | 4 | _aCO-OPERATIVE INSURANCE SOCIETY V HASTINGS BOROUGH COUNCIL |
| 651 | 4 |
_aUnited Kingdom _y |
|
| 690 | _aENVIRONMENTAL AND LAND CONSULTANCY-PLANNING AND DEVELOPMENT-COMPULSORY PURCHASE AND COMPENSATION | ||
| 700 | 1 | _aFoster, Richard | |
| 942 | _n0 | ||
| 999 |
_c82805 _d82805 |
||